000 00298nam a22001217a 4500
008 180522b xxu||||| |||| 00| 0 eng d
041 _aeng
080 _a043.3
100 _a0
101 _aSHKI-BTH
245 _a"Teoria e lojerave edukative per moshat parashkollore"
_cBeqiri,A
942 _2udc
_cBK
999 _c46155
_d46155